| 000 | 00363nam a2200133Ia 4500 | ||
|---|---|---|---|
| 008 | 240624s9999 xx 000 0 und d | ||
| 041 | _aeng | ||
| 082 | _a658 SVE | ||
| 100 | _aSVEIBY KARL ERIK | ||
| 245 | _aNEW ORGANIZATIONAL WEALTH MANAGING AND MEASURING KNO | ||
| 260 |
_c1997 _aSan Francisco _bBerrett-koehler Publishers |
||
| 300 | _a240 : p. | ||
| 365 | _cRS | ||
| 999 |
_c18258 _d18258 |
||